000 00249nam a22001097a 4500
082 _a320
100 _aMehta, M. N.
_979819
245 _aCow Protection and Politics
260 _aDelhi
_bMukund Pub
_c2019
650 _aPolitics
_979820
942 _cBK
999 _c63398
_d63398